| 000 | 01354cam a22003857a 4500 | ||
|---|---|---|---|
| 003 | CHAP | ||
| 005 | 20220329141136.0 | ||
| 008 | 971010s1981 r 00010 d | ||
| 010 | _a63298 | ||
| 011 | _a64270 | ||
| 035 | _a69546 | ||
| 040 | _cCHAP | ||
| 090 | _aFolleto 7253 | ||
| 100 | 0 | 0 |
_aCuanalo de la Cerda, Heriberto E. _929925 |
| 245 | 0 | _aAgrohabitat y agroecosistema | |
| 260 |
_aChapingo, Méx. : _bC.P. Centro de Edafología, _c1981 |
||
| 300 | _a46 p. | ||
| 590 |
_aBATCH-UPD _b10 _c20130110 _lUCH01 _h1849 |
||
| 590 |
_aBATCH-UPD _b10 _c20130410 _lUCH01 _h1218 |
||
| 590 |
_aBATCH-UPD _b10 _c20130914 _lUCH01 _h0259 |
||
| 590 |
_aBATCH-UPD _b10 _c20130914 _lUCH01 _h1933 |
||
| 590 |
_aCONVERSION _b10 _c20130109 _lUCH01 _h1334 |
||
| 650 | 1 | 4 |
_aAgrohabitats. _92184 |
| 650 | 1 | 4 |
_aEcología agrícola. _935165 |
| 650 | 1 | 4 |
_aEcosistema. _935290 |
| 700 | 0 |
_aPonce Hernández, Raúl. _990790 |
|
| 710 | 0 |
_aColegio de Postgraduados. Chapingo, Méx. Centro de Edafología. _925074 |
|
| 901 | _aBK | ||
| 942 | _cFOLL | ||
| 949 |
_a630.215 C8 _bP _cLIBRO _d-1756 _eLIBRO _h290 _i69546 _si |
||
| 949 |
_aFolleto 7253 _bBC _cFOLL _d-146099 _eTS1 _i69546 _si |
||
| 949 |
_aFolleto 7253 _bBC _cFOLL _d-146100 _eTS2 _fc.2 _i69546 _si |
||
| 949 |
_aFolleto 7253 _bBC _cFOLL _d-146101 _eTS2 _fc.3 _i69546 _si |
||
| 949 |
_aFolleto 7253 _bBC _cUACH _d-146102 _eUACH _fc.4 _i69546 _si |
||
| 999 |
_c63298 _d63298 |
||